[Event "DEM U10 2024"]
[Site "Willingen GER"]
[Date "2024.05.24"]
[Round "9"]
[White "Becker, Linus"]
[Black "Pradeep, Harshill"]
[Result "1/2-1/2"]
[Termination "normal"]
[Board "6"]
[WhiteElo "1705"]
[BlackElo "1853"]
[WhiteClock "00:14:23"]
[BlackClock "00:16:38"]
[PlyCount "172"]
[WhiteFideId "34614958"]
[BlackFideId "34629513"]
[EventCountry "GER"]
[EventRounds "11"]
[EventType "swiss"]
[EventDate "2024.05.18"]

1. e4 {[%clk 01:15:57]} {[%emt 00:00:02]} e5 {[%clk 01:15:49]} {[%emt
00:00:13]} 2. Nf3 {[%clk 01:16:11]} {[%emt 00:00:15]} Nc6 {[%clk 01:16:12]}
{[%emt 00:00:06]} 3. Bc4 {[%clk 01:16:27]} {[%emt 00:00:15]} Nf6 {[%clk
01:16:34]} {[%emt 00:00:08]} 4. Ng5 {[%clk 01:16:26]} {[%emt 00:00:30]} d5
{[%clk 01:16:46]} {[%emt 00:00:19]} 5. exd5 {[%clk 01:16:37]} {[%emt 00:00:19]}
Na5 {[%clk 01:17:02]} {[%emt 00:00:14]} 6. Bb5+ {[%clk 01:16:43]} {[%emt
00:00:23]} c6 {[%clk 01:16:45]} {[%emt 00:00:47]} 7. dxc6 {[%clk 01:17:02]}
{[%emt 00:00:12]} bxc6 {[%clk 01:17:03]} {[%emt 00:00:13]} 8. Bd3 {[%clk
01:16:48]} {[%emt 00:00:43]} Nd5 {[%clk 01:15:57]} {[%emt 00:01:36]} 9. Ne4
{[%clk 01:11:18]} {[%emt 00:06:00]} Nf4 {[%clk 01:15:05]} {[%emt 00:01:22]} 10.
O-O {[%clk 01:02:44]} {[%emt 00:09:04]} f5 {[%clk 01:13:47]} {[%emt 00:01:48]}
11. Ng3 {[%clk 01:02:16]} {[%emt 00:00:57]} Nxd3 {[%clk 01:08:15]} {[%emt
00:06:03]} 12. cxd3 {[%clk 01:01:14]} {[%emt 00:01:32]} Qxd3 {[%clk 01:07:03]}
{[%emt 00:01:42]} 13. Re1 {[%clk 00:58:53]} {[%emt 00:02:51]} Bd6 {[%clk
01:05:21]} {[%emt 00:02:13]} 14. Qa4 {[%clk 00:58:14]} {[%emt 00:01:08]} Qb5
{[%clk 00:51:07]} {[%emt 00:14:45]} 15. Qxb5 {[%clk 00:55:24]} {[%emt
00:03:20]} cxb5 {[%clk 00:50:34]} {[%emt 00:01:03]} 16. d4 {[%clk 00:55:29]}
{[%emt 00:00:24]} e4 {[%clk 00:49:49]} {[%emt 00:01:15]} 17. f3 {[%clk
00:54:40]} {[%emt 00:01:19]} O-O {[%clk 00:32:34]} {[%emt 00:17:45]} 18. fxe4
{[%clk 00:51:44]} {[%emt 00:03:26]} Bxg3 {[%clk 00:31:50]} {[%emt 00:01:13]}
19. hxg3 {[%clk 00:51:26]} {[%emt 00:00:48]} fxe4 {[%clk 00:31:50]} {[%emt
00:00:31]} 20. Nc3 {[%clk 00:46:54]} {[%emt 00:05:02]} Nc6 {[%clk 00:28:59]}
{[%emt 00:03:21]} 21. Nxb5 {[%clk 00:39:26]} {[%emt 00:07:59]} Nb4 {[%clk
00:28:15]} {[%emt 00:01:13]} 22. Re2 {[%clk 00:32:04]} {[%emt 00:07:52]} Bg4
{[%clk 00:27:33]} {[%emt 00:01:12]} 23. Rf2 {[%clk 00:27:44]} {[%emt 00:04:49]}
Rxf2 {[%clk 00:27:57]} {[%emt 00:00:07]} 24. Kxf2 {[%clk 00:28:05]} {[%emt
00:00:09]} Rf8+ {[%emt 00:01:41]} 25. Kg1 {[%clk 00:27:10]} Nc2 {[%clk
00:22:41]} {[%emt 00:05:59]} 26. Rb1 {[%clk 00:27:02]} {[%emt 00:00:38]} Be2
{[%clk 00:22:58]} {[%emt 00:00:13]} 27. Nc3 {[%clk 00:26:08]} {[%emt 00:01:23]}
Bd3 {[%clk 00:16:56]} {[%emt 00:06:33]} 28. Bf4 {[%clk 00:22:53]} {[%emt
00:03:45]} Nxd4 {[%clk 00:16:20]} {[%emt 00:01:06]} 29. Rc1 {[%clk 00:22:10]}
{[%emt 00:01:12]} a6 {[%clk 00:13:19]} {[%emt 00:03:32]} 30. Kh2 {[%clk
00:21:15]} {[%emt 00:01:25]} Re8 {[%clk 00:13:06]} {[%emt 00:00:43]} 31. Be3
{[%clk 00:19:45]} {[%emt 00:01:58]} Nf5 {[%clk 00:13:23]} {[%emt 00:00:16]} 32.
Re1 {[%clk 00:17:17]} {[%emt 00:02:57]} Rb8 {[%clk 00:12:35]} {[%emt 00:01:18]}
33. Na4 {[%clk 00:16:56]} {[%emt 00:00:47]} Rc8 {[%clk 00:09:58]} {[%emt
00:03:11]} 34. Nc3 {[%clk 00:16:46]} {[%emt 00:00:39]} Rb8 {[%clk 00:09:50]}
{[%emt 00:00:39]} 35. Na4 {[%clk 00:16:55]} {[%emt 00:00:20]} Rb4 {[%clk
00:10:03]} {[%emt 00:00:17]} 36. b3 {[%clk 00:15:58]} {[%emt 00:01:28]} Rb5
{[%clk 00:06:28]} {[%emt 00:04:05]} 37. Kh3 {[%clk 00:15:54]} {[%emt 00:00:34]}
Rd5 {[%clk 00:03:30]} {[%emt 00:03:29]} 38. g4 {[%clk 00:14:44]} {[%emt
00:01:40]} Nxe3 {[%clk 00:02:58]} {[%emt 00:01:01]} 39. Rxe3 {[%clk 00:15:05]}
{[%emt 00:00:08]} Bb1 {[%clk 00:02:56]} {[%emt 00:00:33]} 40. Nc3 {[%clk
00:15:00]} {[%emt 00:00:35]} Rd3 {[%clk 00:03:25]} {[%emt 00:00:01]} 41. Rxd3
{[%clk 00:15:07]} {[%emt 00:00:22]} Bxd3 {[%clk 00:03:48]} {[%emt 00:00:07]}
42. Kg3 {[%clk 00:15:15]} {[%emt 00:00:23]} g5 {[%clk 00:03:29]} {[%emt
00:00:49]} 43. Kf2 {[%clk 00:15:30]} {[%emt 00:00:15]} h6 {[%clk 00:03:48]}
{[%emt 00:00:12]} 44. Ke3 {[%clk 00:15:46]} {[%emt 00:00:13]} Bf1 {[%clk
00:04:08]} {[%emt 00:00:09]} 45. g3 {[%clk 00:15:35]} {[%emt 00:00:41]} Bh3
{[%clk 00:04:34]} {[%emt 00:00:05]} 46. Nxe4 {[%clk 00:15:51]} {[%emt
00:00:14]} Kf7 {[%clk 00:04:39]} {[%emt 00:00:24]} 47. Kf3 {[%clk 00:15:33]}
{[%emt 00:00:48]} Bf1 {[%clk 00:04:39]} {[%emt 00:00:31]} 48. b4 {[%clk
00:15:08]} {[%emt 00:00:55]} Ke6 {[%clk 00:04:26]} {[%emt 00:00:41]} 49. a4
{[%clk 00:13:12]} {[%emt 00:02:28]} Bc4 {[%clk 00:04:27]} {[%emt 00:00:29]} 50.
Nc3 {[%clk 00:12:11]} {[%emt 00:01:31]} Ke5 {[%clk 00:01:00]} {[%emt 00:03:57]}
51. Ke3 {[%clk 00:03:34]} {[%emt 00:09:07]} Be6 {[%clk 00:01:09]} {[%emt
00:00:21]} 52. b5 {[%clk 00:03:42]} {[%emt 00:00:23]} axb5 {[%clk 00:01:33]}
{[%emt 00:00:05]} 53. axb5 {[%clk 00:13:21]} {[%emt 00:05:51]} Bxg4 {[%clk
00:14:39]} {[%emt 00:02:24]} 54. b6 {[%clk 00:11:35]} {[%emt 00:02:17]} Bc8
{[%clk 00:14:55]} {[%emt 00:00:12]} 55. Nb1 {[%clk 00:10:26]} {[%emt 00:01:40]}
Kd5 {[%clk 00:14:25]} {[%emt 00:01:00]} 56. Nc3+ {[%clk 00:10:01]} {[%emt
00:00:56]} Kc5 {[%clk 00:14:21]} {[%emt 00:00:33]} 57. g4 {[%clk 00:09:31]}
{[%emt 00:01:00]} Kxb6 {[%clk 00:14:38]} {[%emt 00:00:14]} 58. Nd5+ {[%clk
00:09:29]} {[%emt 00:00:31]} Kc5 {[%clk 00:14:49]} {[%emt 00:00:18]} 59. Nf6
{[%clk 00:09:48]} {[%emt 00:00:12]} Be6 {[%clk 00:15:09]} {[%emt 00:00:09]} 60.
Ke4 {[%clk 00:08:54]} {[%emt 00:01:25]} Kd6 {[%clk 00:15:08]} {[%emt 00:00:31]}
61. Kf3 {[%clk 00:08:49]} {[%emt 00:00:34]} Bf7 {[%clk 00:14:14]} {[%emt
00:01:24]} 62. Ne4+ {[%clk 00:07:50]} {[%emt 00:01:30]} Ke5 {[%clk 00:14:34]}
{[%emt 00:00:10]} 63. Nf2 {[%clk 00:08:05]} {[%emt 00:00:14]} Bc4 {[%clk
00:14:24]} {[%emt 00:00:40]} 64. Kg3 {[%clk 00:08:13]} {[%emt 00:00:23]} Be2
{[%clk 00:14:14]} {[%emt 00:00:40]} 65. Nh3 {[%clk 00:08:30]} {[%emt 00:00:13]}
Ke4 {[%clk 00:13:59]} {[%emt 00:00:44]} 66. Nf2+ {[%clk 00:08:40]} {[%emt
00:00:20]} Ke3 {[%clk 00:14:16]} {[%emt 00:00:13]} 67. Nh3 {[%clk 00:08:54]}
{[%emt 00:00:16]} Ba6 {[%clk 00:14:33]} {[%emt 00:00:14]} 68. Nf2 {[%clk
00:09:12]} {[%emt 00:00:12]} Be2 {[%clk 00:14:20]} {[%emt 00:00:43]} 69. Nh3
{[%clk 00:09:19]} {[%emt 00:00:22]} Ke4 {[%clk 00:13:30]} {[%emt 00:01:20]} 70.
Nf2+ {[%clk 00:09:32]} {[%emt 00:00:17]} Ke5 {[%clk 00:13:54]} {[%emt
00:00:07]} 71. Nh3 {[%clk 00:09:50]} {[%emt 00:00:12]} Kf6 {[%clk 00:14:18]}
{[%emt 00:00:05]} 72. Nf2 {[%clk 00:09:51]} {[%emt 00:00:30]} Kg6 {[%clk
00:14:33]} {[%emt 00:00:15]} 73. Nh3 {[%clk 00:10:16]} {[%emt 00:00:04]} Bxg4
{[%clk 00:13:00]} {[%emt 00:02:04]} 74. Kxg4 {[%clk 00:10:37]} {[%emt
00:00:09]} h5+ {[%clk 00:13:24]} {[%emt 00:00:06]} 75. Kg3 {[%clk 00:11:00]}
{[%emt 00:00:08]} g4 {[%clk 00:13:43]} {[%emt 00:00:11]} 76. Nf4+ {[%clk
00:11:07]} {[%emt 00:00:22]} Kg5 {[%clk 00:13:32]} {[%emt 00:00:41]} 77. Nxh5
{[%clk 00:11:12]} {[%emt 00:00:25]} Kxh5 {[%clk 00:13:42]} {[%emt 00:00:20]}
78. Kg2 {[%clk 00:11:31]} {[%emt 00:00:10]} Kg5 {[%clk 00:14:02]} {[%emt
00:00:11]} 79. Kg3 {[%clk 00:11:50]} {[%emt 00:00:11]} Kf5 {[%clk 00:14:26]}
{[%emt 00:00:06]} 80. Kg2 {[%clk 00:12:13]} {[%emt 00:00:06]} Kf4 {[%clk
00:14:51]} {[%emt 00:00:06]} 81. Kf2 {[%clk 00:12:37]} {[%emt 00:00:06]} g3+
{[%clk 00:15:15]} {[%emt 00:00:06]} 82. Kg1 {[%clk 00:12:55]} {[%emt 00:00:12]}
Kg4 {[%clk 00:15:37]} {[%emt 00:00:08]} 83. Kg2 {[%clk 00:13:12]} {[%emt
00:00:13]} Kh4 {[%clk 00:16:02]} {[%emt 00:00:05]} 84. Kg1 {[%clk 00:13:32]}
{[%emt 00:00:09]} Kh3 {[%clk 00:16:14]} {[%emt 00:00:18]} 85. Kh1 {[%clk
00:13:57]} {[%emt 00:00:05]} g2+ {[%clk 00:16:38]} {[%emt 00:00:07]} 86. Kg1
{[%clk 00:14:23]} {[%emt 00:00:04]} Kg3 {[%emt 00:00:05]} 1/2-1/2

[Event "DEM U10 2024"]
[Site "Willingen GER"]
[Date "2024.05.24"]
[Round "9"]
[White "Shivkumar, Shreyas"]
[Black "Kjulbassanoff, Kilian"]
[Result "1-0"]
[Termination "normal"]
[Board "7"]
[WhiteElo "1728"]
[BlackElo "1411"]
[WhiteClock "01:07:29"]
[BlackClock "00:44:12"]
[PlyCount "45"]
[WhiteFideId "34638407"]
[BlackFideId "533001804"]
[EventCountry "GER"]
[EventRounds "11"]
[EventType "swiss"]
[EventDate "2024.05.18"]

1. e4 {[%clk 01:15:59]} e6 {[%clk 01:15:59]} {[%emt 00:00:02]} 2. Nf3 {[%clk
01:16:18]} d5 {[%clk 01:16:22]} {[%emt 00:00:18]} 3. e5 {[%clk 01:16:42]} c5
{[%clk 01:16:41]} {[%emt 00:00:16]} 4. b4 {[%clk 01:17:07]} cxb4 {[%clk
01:17:00]} {[%emt 00:00:17]} 5. a3 {[%clk 01:17:30]} bxa3 {[%clk 01:17:21]}
{[%emt 00:00:16]} 6. d4 {[%clk 01:17:52]} Bb4+ {[%clk 01:16:01]} {[%emt
00:01:58]} 7. c3 {[%clk 01:18:15]} Ba5 {[%clk 01:16:17]} {[%emt 00:00:21]} 8.
Bd3 {[%clk 01:18:08]} Nc6 {[%clk 01:15:11]} {[%emt 00:02:12]} 9. Bxa3 {[%clk
01:18:26]} Bc7 {[%clk 01:12:18]} {[%emt 00:03:34]} 10. O-O {[%clk 01:18:00]}
{[%emt 00:00:55]} Nge7 {[%clk 01:09:17]} {[%emt 00:03:33]} 11. Nbd2 {[%clk
01:16:43]} {[%emt 00:01:47]} Ng6 {[%clk 01:07:47]} {[%emt 00:02:00]} 12. g3
{[%clk 01:15:01]} {[%emt 00:02:11]} Qd7 {[%clk 00:59:37]} {[%emt 00:08:41]} 13.
Rb1 {[%clk 01:12:04]} {[%emt 00:03:27]} Bd8 {[%clk 00:58:41]} {[%emt 00:01:26]}
14. c4 {[%clk 01:09:57]} {[%emt 00:02:38]} Be7 {[%clk 00:55:02]} {[%emt
00:04:08]} 15. Bxe7 {[%clk 01:09:46]} {[%emt 00:00:41]} Ngxe7 {[%clk 00:54:49]}
{[%emt 00:00:43]} 16. cxd5 {[%clk 01:09:21]} {[%emt 00:00:55]} Nxd5 {[%clk
00:54:29]} {[%emt 00:00:49]} 17. Ne4 {[%clk 01:09:43]} {[%emt 00:00:08]} O-O
{[%clk 00:52:23]} {[%emt 00:02:36]} 18. Nfg5 {[%clk 01:09:05]} {[%emt
00:01:09]} h6 {[%clk 00:51:42]} {[%emt 00:01:11]} 19. Qh5 {[%clk 01:06:12]}
{[%emt 00:03:22]} hxg5 {[%clk 00:46:03]} {[%emt 00:06:09]} 20. Nf6+ {[%clk
01:06:20]} {[%emt 00:00:23]} Nxf6 {[%clk 00:46:12]} {[%emt 00:00:21]} 21. exf6
{[%clk 01:06:41]} {[%emt 00:00:09]} g6 {[%clk 00:45:43]} {[%emt 00:00:59]} 22.
Qh6 {[%clk 01:07:05]} {[%emt 00:00:06]} Nxd4 {[%clk 00:44:12]} {[%emt
00:02:01]} 23. Qg7# {[%clk 01:07:29]} {[%emt 00:00:06]} 1-0

[Event "DEM U10 2024"]
[Site "Willingen GER"]
[Date "2024.05.24"]
[Round "9"]
[White "Barsov, Mikhail"]
[Black "Bergmann, Rafael Antonio"]
[Result "0-1"]
[Termination "normal"]
[Board "8"]
[WhiteElo "1708"]
[BlackElo "1776"]
[WhiteClock "00:02:18"]
[BlackClock "00:50:39"]
[PlyCount "62"]
[WhiteFideId "34623906"]
[BlackFideId "34635076"]
[EventCountry "GER"]
[EventRounds "11"]
[EventType "swiss"]
[EventDate "2024.05.18"]

1. c4 {[%clk 01:15:59]} Nf6 {[%clk 01:15:55]} {[%emt 00:00:05]} 2. Nc3 {[%clk
01:16:27]} {[%emt 00:00:02]} e5 {[%clk 01:16:15]} {[%emt 00:00:10]} 3. g3
{[%clk 01:16:52]} {[%emt 00:00:06]} d5 {[%clk 01:16:39]} {[%emt 00:00:06]} 4.
cxd5 {[%clk 01:17:18]} {[%emt 00:00:03]} Nxd5 {[%clk 01:17:00]} {[%emt
00:00:09]} 5. Bg2 {[%clk 01:17:45]} {[%emt 00:00:03]} Be6 {[%clk 01:17:15]}
{[%emt 00:00:15]} 6. Nf3 {[%clk 01:14:36]} {[%emt 00:03:39]} Nc6 {[%clk
01:17:40]} {[%emt 00:00:05]} 7. O-O {[%clk 01:14:07]} {[%emt 00:00:59]} Be7
{[%clk 01:17:58]} {[%emt 00:00:11]} 8. b3 {[%clk 01:05:48]} {[%emt 00:08:50]}
f5 {[%clk 01:12:28]} {[%emt 00:06:01]} 9. Bb2 {[%clk 00:57:17]} {[%emt
00:09:00]} e4 {[%clk 01:11:56]} {[%emt 00:01:02]} 10. Ne1 {[%clk 00:56:06]}
{[%emt 00:01:41]} Bf6 {[%clk 01:09:33]} {[%emt 00:02:53]} 11. Rc1 {[%clk
00:54:49]} {[%emt 00:01:47]} Ndb4 {[%clk 01:06:07]} {[%emt 00:03:57]} 12. Ra1
{[%clk 00:40:06]} {[%emt 00:15:13]} a5 {[%clk 01:01:06]} {[%emt 00:05:30]} 13.
a3 {[%clk 00:35:20]} {[%emt 00:05:16]} Nd5 {[%clk 01:00:20]} {[%emt 00:01:16]}
14. Rc1 {[%clk 00:26:32]} {[%emt 00:09:18]} Nd4 {[%clk 00:56:33]} {[%emt
00:04:16]} 15. e3 {[%clk 00:24:52]} {[%emt 00:02:11]} Nxc3 {[%clk 00:56:24]}
{[%emt 00:00:39]} 16. dxc3 {[%clk 00:23:10]} {[%emt 00:02:13]} Nxb3 {[%clk
00:52:02]} {[%emt 00:04:51]} 17. Qh5+ {[%clk 00:09:11]} {[%emt 00:14:28]} g6
{[%clk 00:52:23]} {[%emt 00:00:10]} 18. Qe2 {[%clk 00:09:20]} {[%emt 00:00:21]}
Nxc1 {[%clk 00:51:16]} {[%emt 00:01:37]} 19. Bxc1 {[%clk 00:08:40]} {[%emt
00:01:10]} Qd7 {[%clk 00:51:25]} {[%emt 00:00:20]} 20. Qb2 {[%clk 00:08:28]}
{[%emt 00:00:43]} O-O {[%clk 00:50:46]} {[%emt 00:01:09]} 21. h4 {[%clk
00:08:09]} {[%emt 00:00:49]} Bc4 {[%clk 00:50:49]} {[%emt 00:00:26]} 22. h5
{[%clk 00:03:21]} {[%emt 00:05:18]} Bxf1 {[%clk 00:50:37]} {[%emt 00:00:43]}
23. Bxf1 {[%clk 00:03:42]} {[%emt 00:00:09]} Kg7 {[%clk 00:50:40]} {[%emt
00:00:27]} 24. f3 {[%clk 00:02:38]} {[%emt 00:01:33]} Qc6 {[%clk 00:50:27]}
{[%emt 00:00:44]} 25. h6+ {[%clk 00:02:12]} {[%emt 00:00:57]} Kxh6 {[%clk
00:49:59]} {[%emt 00:00:58]} 26. Qh2+ {[%clk 00:02:20]} {[%emt 00:00:21]} Kg7
{[%clk 00:50:20]} {[%emt 00:00:09]} 27. Ng2 {[%clk 00:01:50]} {[%emt 00:01:00]}
Qxc3 {[%clk 00:49:59]} {[%emt 00:00:51]} 28. Nf4 {[%clk 00:01:35]} {[%emt
00:00:45]} Qxc1 {[%clk 00:49:30]} {[%emt 00:00:59]} 29. Ne6+ {[%clk 00:01:58]}
{[%emt 00:00:07]} Kf7 {[%clk 00:49:52]} {[%emt 00:00:08]} 30. Nxf8 {[%clk
00:02:13]} {[%emt 00:00:15]} Qxe3+ {[%clk 00:50:14]} {[%emt 00:00:07]} 31. Kh1
{[%clk 00:02:18]} {[%emt 00:00:25]} Qxf3+ {[%clk 00:50:39]} {[%emt 00:00:06]}
0-1

[Event "DEM U10 2024"]
[Site "Willingen GER"]
[Date "2024.05.24"]
[Round "9"]
[White "Sutharjan, Dakxwin"]
[Black "Sander, Tino"]
[Result "1-0"]
[Termination "normal"]
[Board "9"]
[WhiteElo "1769"]
[BlackElo "1724"]
[WhiteClock "00:42:40"]
[BlackClock "00:16:02"]
[PlyCount "103"]
[WhiteFideId "34606548"]
[BlackFideId "34636110"]
[EventCountry "GER"]
[EventRounds "11"]
[EventType "swiss"]
[EventDate "2024.05.18"]

1. e4 {[%clk 01:15:42]} {[%emt 00:00:17]} e5 {[%clk 01:15:45]} {[%emt
00:00:15]} 2. Nf3 {[%clk 01:16:06]} {[%emt 00:00:06]} Nc6 {[%clk 01:16:00]}
{[%emt 00:00:14]} 3. d4 {[%clk 01:16:29]} {[%emt 00:00:08]} exd4 {[%clk
01:16:17]} {[%emt 00:00:13]} 4. Nxd4 {[%clk 01:16:53]} {[%emt 00:00:07]} Nf6
{[%clk 01:16:26]} {[%emt 00:00:19]} 5. Nxc6 {[%clk 01:17:14]} {[%emt 00:00:09]}
bxc6 {[%clk 01:16:39]} {[%emt 00:00:17]} 6. e5 {[%clk 01:17:35]} {[%emt
00:00:11]} Qe7 {[%clk 01:16:52]} {[%emt 00:00:15]} 7. Qe2 {[%clk 01:17:57]}
{[%emt 00:00:09]} Nd5 {[%clk 01:17:04]} {[%emt 00:00:17]} 8. h4 {[%clk
01:18:22]} {[%emt 00:00:07]} Qe6 {[%clk 01:17:19]} {[%emt 00:00:14]} 9. g3
{[%clk 01:16:41]} {[%emt 00:02:11]} d6 {[%clk 01:09:23]} {[%emt 00:08:26]} 10.
exd6 {[%clk 01:11:53]} {[%emt 00:05:19]} cxd6 {[%clk 01:07:14]} {[%emt
00:02:38]} 11. Qxe6+ {[%clk 01:08:27]} {[%emt 00:03:57]} Bxe6 {[%clk 01:07:09]}
{[%emt 00:00:34]} 12. Bd2 {[%clk 01:07:33]} {[%emt 00:01:24]} Rb8 {[%clk
01:06:33]} {[%emt 00:01:06]} 13. b3 {[%clk 01:06:43]} {[%emt 00:01:20]} Be7
{[%clk 01:06:23]} {[%emt 00:00:40]} 14. Na3 {[%clk 01:01:41]} {[%emt 00:05:33]}
Bf6 {[%clk 01:04:46]} {[%emt 00:02:07]} 15. O-O-O {[%clk 01:00:55]} {[%emt
00:01:15]} Nb4 {[%clk 01:00:16]} {[%emt 00:05:00]} 16. Bxb4 {[%clk 00:53:44]}
{[%emt 00:07:41]} Rxb4 {[%clk 01:00:11]} {[%emt 00:00:35]} 17. c4 {[%clk
00:52:11]} {[%emt 00:02:04]} Rb7 {[%clk 00:37:16]} {[%emt 00:23:23]} 18. Bg2
{[%clk 00:43:55]} {[%emt 00:08:47]} Rc7 {[%clk 00:35:02]} {[%emt 00:02:43]} 19.
Rhe1 {[%clk 00:41:43]} {[%emt 00:02:42]} O-O {[%clk 00:33:51]} {[%emt
00:01:42]} 20. Nc2 {[%clk 00:40:24]} {[%emt 00:01:49]} Rd8 {[%clk 00:23:21]}
{[%emt 00:10:58]} 21. Nd4 {[%clk 00:35:50]} {[%emt 00:05:07]} Bd7 {[%clk
00:20:37]} {[%emt 00:03:12]} 22. Nc2 {[%clk 00:33:30]} {[%emt 00:02:51]} Bc8
{[%clk 00:20:34]} {[%emt 00:00:32]} 23. Rxd6 {[%clk 00:33:25]} {[%emt
00:00:36]} Rcd7 {[%clk 00:12:32]} {[%emt 00:08:32]} 24. Rxd7 {[%clk 00:33:12]}
{[%emt 00:00:44]} Bxd7 {[%clk 00:12:44]} {[%emt 00:00:17]} 25. Rd1 {[%clk
00:31:59]} {[%emt 00:01:42]} Be8 {[%clk 00:12:28]} {[%emt 00:00:47]} 26. Rxd8
{[%clk 00:28:06]} {[%emt 00:04:24]} Bxd8 {[%clk 00:12:48]} {[%emt 00:00:09]}
27. c5 {[%clk 00:27:55]} {[%emt 00:00:41]} Be7 {[%clk 00:11:35]} {[%emt
00:01:43]} 28. b4 {[%clk 00:28:04]} {[%emt 00:00:21]} Bf6 {[%clk 00:11:26]}
{[%emt 00:00:39]} 29. Kd2 {[%clk 00:27:36]} {[%emt 00:00:58]} Kf8 {[%clk
00:11:22]} {[%emt 00:00:33]} 30. Kd3 {[%clk 00:27:06]} {[%emt 00:01:01]} Ke7
{[%clk 00:11:07]} {[%emt 00:00:45]} 31. Nd4 {[%clk 00:26:50]} {[%emt 00:00:46]}
Bxd4 {[%clk 00:11:06]} {[%emt 00:00:30]} 32. Kxd4 {[%clk 00:27:14]} {[%emt
00:00:07]} Ke6 {[%clk 00:09:37]} {[%emt 00:01:58]} 33. a4 {[%clk 00:26:31]}
{[%emt 00:01:14]} Bd7 {[%clk 00:07:51]} {[%emt 00:02:16]} 34. Bh3+ {[%clk
00:26:17]} {[%emt 00:00:44]} f5 {[%clk 00:08:06]} {[%emt 00:00:15]} 35. f4
{[%clk 00:26:33]} {[%emt 00:00:14]} g6 {[%clk 00:07:42]} {[%emt 00:00:53]} 36.
Bf1 {[%clk 00:25:57]} {[%emt 00:01:06]} Bc8 {[%clk 00:07:28]} {[%emt 00:00:43]}
37. b5 {[%clk 00:24:13]} {[%emt 00:02:15]} Bb7 {[%clk 00:07:05]} {[%emt
00:00:53]} 38. Bg2 {[%clk 00:24:02]} {[%emt 00:00:42]} a6 {[%clk 00:01:21]}
{[%emt 00:06:14]} 39. Bxc6 {[%clk 00:24:06]} {[%emt 00:00:25]} Bxc6 {[%clk
00:00:40]} {[%emt 00:01:13]} 40. bxc6 {[%clk 00:24:21]} {[%emt 00:00:15]} h6
{[%clk 00:00:51]} {[%emt 00:00:18]} 41. Kc4 {[%clk 00:24:19]} {[%emt 00:00:33]}
h5 {[%clk 00:12:47]} {[%emt 00:03:34]} 42. Kb4 {[%clk 00:39:43]} {[%emt
00:00:06]} Ke7 {[%clk 00:13:01]} {[%emt 00:00:15]} 43. Ka5 {[%clk 00:40:08]}
{[%emt 00:00:05]} Kd8 {[%clk 00:13:24]} {[%emt 00:00:07]} 44. Kxa6 {[%clk
00:40:30]} {[%emt 00:00:08]} Kc7 {[%clk 00:13:44]} {[%emt 00:00:10]} 45. Kb5
{[%clk 00:40:53]} {[%emt 00:00:07]} Kc8 {[%clk 00:13:58]} {[%emt 00:00:16]} 46.
Kb6 {[%clk 00:41:16]} {[%emt 00:00:06]} Kb8 {[%clk 00:14:24]} {[%emt 00:00:05]}
47. c7+ {[%clk 00:41:30]} {[%emt 00:00:17]} Kc8 {[%clk 00:14:47]} {[%emt
00:00:07]} 48. Kc6 {[%clk 00:41:47]} {[%emt 00:00:13]} g5 {[%clk 00:15:05]}
{[%emt 00:00:11]} 49. fxg5 {[%clk 00:42:13]} {[%emt 00:00:05]} f4 {[%clk
00:15:24]} {[%emt 00:00:10]} 50. g6 {[%clk 00:42:40]} {[%emt 00:00:03]} fxg3
{[%clk 00:15:40]} 51. g7 {[%clk 00:42:40]} g2 {[%clk 00:16:02]} {[%emt
00:00:34]} 52. g8=Q# {[%emt 00:00:21]} 1-0